| 000 | 00761nam a22002537a 4500 | ||
|---|---|---|---|
| 003 | dpl | ||
| 005 | 20180808122205.0 | ||
| 008 | 180808b xxu||||| |||| 00| 0 eng d | ||
| 010 | _aA-899805 | ||
| 020 |
_c00.00 _a812100358 |
||
| 035 | _aA-899805, A-899809 | ||
| 037 | _bCen Lib/Ret | ||
| 040 |
_aDPL _bEN _c0 |
||
| 082 |
_a301 _bSTU |
||
| 100 | _aSengupta, Sarthak | ||
| 245 |
_aStudies in anthropology : _cedited by Sarthak Sengupta _brecent perspectives / |
||
| 260 |
_aNew Delhi _bInter- India publications _c1997 |
||
| 270 |
_bNew Delhi _aD-17, Raja garden _e110015 |
||
| 300 |
_a399p. _c20cm(Hb) |
||
| 500 | _aInludes index | ||
| 650 |
_aAnthropology--India _991082 |
||
| 700 |
_aSen, Gupta _98819 |
||
| 942 |
_2ddc _cEN _h301 _mSTU |
||
| 999 |
_c123989 _d123989 |
||